| 000 | 00816pab a2200169 454500 | ||
|---|---|---|---|
| 008 | 180718b2008 xxu||||| |||| 00| 0 eng d | ||
| 100 | _aBanerjee, Sumanta | ||
| 245 | _aMedia: bashed from outside and flawed from within | ||
| 260 | _c2008 | ||
| 300 | _ap.10-12. | ||
| 362 | _a2 Aug | ||
| 520 | _aThe "vibrant" Indian media is under siege on al sides. Powerful politicians use mobs to browbeat independent outlets; the state manipulates the media to plant information through journalists innocent of the basic norms of reporting and media owners prioritise their commercial interests over everything else. A number of examples in recent months from around the country highlight the ugly trends. - Reproduced. | ||
| 650 | _aMass media | ||
| 773 | _aEconomic and Political Weekly | ||
| 908 | _aN | ||
| 909 | _a79111 | ||
| 999 |
_c79111 _d79111 |
||